000 00438nam a2200181Ia 4500
003 OSt
005 20260331124804.0
008 250729s2008 xx 000 0 und d
040 _cAL
041 _aeng
082 _a370.25 SHAT
100 _aDr. R.L Sharma
_9230741
245 _aTeaching of social studies
260 _aAgra
_bVinod Pusthak Mandir
_c2008
300 _a216p
650 _aSocial Science
_9230742
942 _2ddc
_cBED
999 _c238933
_d238933